The Beta equilibrium, stability, and transport codes : applications to the design of stellarators /

Bibliographic Details
Other Authors: Bauer, Frances
Format: Book
Language:English
Published: Boston : Academic Press, [1987]
Series:Perspectives in physics.
Subjects:

MARC

Tag First Indicator Second Indicator Subfields
LEADER 00000cam a2200000 a 4500
001 in00000010496
005 20151007051400.0
008 870330s1987 maua b 00100 eng
010 |a  87001344  
020 |a 0120828154 
035 |a (OCoLC)15549439 
035 |9 AAA2707AM 
040 |a DLC  |c DLC  |d TXA  |d UtOrBLW 
049 |a TXAM  |c [A11027258] 
050 0 0 |a QC791.77.S7  |b B48 1987 
082 0 |a 539.7/64  |2 19 
245 0 4 |a The Beta equilibrium, stability, and transport codes :  |b applications to the design of stellarators /  |c Frances Bauer [and others]. 
264 1 |a Boston :  |b Academic Press,  |c [1987] 
264 4 |c ©1987 
300 |a viii, 192 pages :  |b illustrations ;  |c 24 cm. 
336 |a text  |b txt  |2 rdacontent 
337 |a unmediated  |b n  |2 rdamedia 
338 |a volume  |b nc  |2 rdacarrier 
490 1 |a Perspectives in physics 
504 |a Bibliography: pages 145-147. 
500 |a Includes index. 
650 0 |a Stellarators  |x Experiments  |x Data processing. 
650 0 |a Coding theory. 
700 1 |a Bauer, Frances. 
830 0 |a Perspectives in physics. 
999 |a MARS 
999 f f |s db9bc80c-b060-3ba3-8196-0236d5375e9f  |i 6ddcfe51-7421-3dcc-aa05-71e48b37dad4  |t 0 
952 f f |p ric  |a Texas A&M University  |b Rellis Campus  |c Joint Library Facility  |d Remote Storage  |t 0  |e QC791.77.S7 B48 1987  |h Library of Congress classification  |i unmediated -- volume  |m A14811027258 
998 f f |a QC791.77.S7 B48 1987  |t 0  |l Remote Storage